000 00765nam a2200253Ia 4500
003 OSt
005 20220923223023.0
006 a|||||r|||| 00| 0
007 ta
008 220922b |||||||| |||| 00| 0 hin d
024 _a210,026
037 _cTextual
040 _aARTS
_cARTS
_bhin
041 _2hin
_ahin
082 _aO152,3N303x, K5
100 _aमहीपसिंह
_9156277
245 0 _aउजाले के उल्लू
246 _aUjāle ke ullū
260 _aजालन्धर
_b हिन्दी भवन
_c1965
300 _a132पृ.
_ccm.
650 _aहिन्दी साहित्य
_9156264
942 _hO152,3N303x, K5
_cTEXL
_2CC
999 _c360575
_d360575